| 000 | 00715nam a22002057a 4500 | ||
|---|---|---|---|
| 001 | 38116 | ||
| 003 | BD-RjUL | ||
| 005 | 20211209052729.0 | ||
| 008 | 150912b1952 ii ||||| |||| 00| f ben d | ||
| 035 | _a(BD-RjUL)38221 | ||
| 040 |
_aBD-RjUL _beng _cBD-RjUL |
||
| 041 | _aeng | ||
| 082 |
_a891.443 _bCHM 1952 |
||
| 100 |
_aচট্রোপাধ্যায়, শরৎ _9117972 |
||
| 245 |
_aমেজদিদি / _cশরৎ চট্রোপাধ্যায় |
||
| 260 |
_aকলিকাতা : _bইন্ডিয়া এ্যাসোসিয়েশন, _c১৯৫২ |
||
| 300 |
_a১২২ পৃ. ; _c২১ সেমি. |
||
| 650 |
_aBengali _vfiction _9117533 |
||
| 942 |
_2ddc _cBK _01 |
||
| 999 |
_c38116 _d38116 |
||